Finančně ekonomická problematika řízení rozvoje sociálního pojištění sborník

Salvato in:
Dettagli Bibliografici
Altri autori: Vostatek, Jaroslav
Natura: Libro
Lingua:ceco
Pubblicazione: Praha Dům techniky ČSVTS 1984
Tags: Aggiungi Tag
Nessun Tag, puoi essere il primo ad aggiungerne!!

MARC

LEADER 00000nam a2200000 4500
001 c106655
005 20230110080157.6
041 0 |a cze 
044 |a CZ 
245 1 0 |a Finančně ekonomická problematika řízení rozvoje sociálního pojištění  |b sborník  |c Zprac. Jaroslav Vostatek 
264 1 |a Praha  |b Dům techniky ČSVTS  |c 1984 
300 |a 147 s. 
700 1 |a Vostatek, Jaroslav